Estado de excepción: Homo sacer II, 1
Αποθηκεύτηκε σε:
| Κύριος συγγραφέας: | |
|---|---|
| Μορφή: | Βιβλίο |
| Γλώσσα: | Ισπανικά |
| Έκδοση: |
Valencia
Pre-Textos
2010
|
| Σειρά: | Pre-Textos, 712
|
| Θέματα: | |
| Ετικέτες: |
Προσθήκη ετικέτας
Δεν υπάρχουν, Καταχωρήστε ετικέτα πρώτοι!
|
MARC
| LEADER | 00000cam a2200000 a 4500 | ||
|---|---|---|---|
| 001 | UCF2240 | ||
| 003 | CL-VaPUC | ||
| 008 | 120810e20100000SP |||||||||||||||||spa|d | ||
| 020 | |a 9788481916256 | ||
| 082 | 0 | 4 | |a 342.085 |b AGA |2 21 |
| 100 | 0 | |a Agamben, Giorgio |e author |9 563845 | |
| 245 | 1 | 0 | |a Estado de excepción: Homo sacer II, 1 |
| 300 | |a 135 p | ||
| 942 | |c BK | ||
| 945 | |d 20120810 00:00:00 |a dcastane | ||
| 260 | |a Valencia |b Pre-Textos |c 2010 | ||
| 650 | 7 | |a ESTADO DE EXCEPCION |2 CL-VaPUC |9 554025 | |
| 650 | 0 | |a Derecho constitucional |9 222588 | |
| 650 | 7 | |a ESTADO DE SITIO |2 CL-VaPUC |9 256269 | |
| 650 | 0 | |a Estado de emergencia |9 554026 | |
| 583 | |a last modification |c 20120810 11:35:00 |k Rodrigo Vera | ||
| 490 | 0 | |a Pre-Textos, 712 | |
| 999 | |c 348840 |d 348838 | ||
| 952 | |0 0 |1 0 |4 0 |6 342_085000000000000_AGA_2010 |7 0 |8 A |9 451077 |a BIBART |b BIBART |d 2019-11-22 |i 4881958 |o 342.085 AGA 2010 |p 4881958 |r 2025-03-13 |w 2019-11-22 |y BK |k ART | ||